Don Quixote de la Mancha (part II) : being the spurious continuation of Miguel de Cervantes' part I /

Bibliographic Details
Main Author: Fernández de Avellaneda, Alonso
Other Authors: Server, Alberta Wilson, Keller, John Esten, Cervantes Saavedra, Miguel de, 1547-1616
Format: Book
Language:English
Published: Newark, Del. : J. de la Cuesta, [1980]
Series:Juan de la Cuesta Hispanic monographs. Series Documentación cervantina ; no. 2.

MARC

Tag First Indicator Second Indicator Subfields
LEADER 00000cam a2200000 a 4500
001 in00000511302
005 20151013072250.0
008 801217s1980 deua b 00011 engm
010 |a  80080491  
020 |a 0936388013 
035 |a (OCoLC)06977177 
035 |9 ACE3561AM 
040 |a DLC  |c DLC  |d m.c.  |d TXA  |d UtOrBLW 
041 1 |a eng  |h spa 
049 |a TXAM  |c [1811409] 
050 0 0 |a PQ6329  |b .A29 1980 
082 0 |a 863/.3  |2 19 
100 1 |a Fernández de Avellaneda, Alonso. 
240 1 0 |a Segundo tomo del ingenioso hidalgo Don Quixote de la Mancha.  |l English 
245 1 0 |a Don Quixote de la Mancha (part II) :  |b being the spurious continuation of Miguel de Cervantes' part I /  |c Alonso Fernandez de Avellaneda ; translation and edition by Alberta Wilson Server and John Esten Keller ; illustrated by Hal Barnell. 
264 1 |a Newark, Del. :  |b J. de la Cuesta,  |c [1980] 
264 4 |c ©1980 
300 |a xii, 350 pages :  |b illustrations ;  |c 24 cm. 
336 |a text  |b txt  |2 rdacontent 
337 |a unmediated  |b n  |2 rdamedia 
338 |a volume  |b nc  |2 rdacarrier 
490 1 |a Series documentacion cervantina ;  |v no. 2 
500 |a Translation of: Segundo tomo del ingenioso hidalgo Don Quixote de la Mancha. 
504 |a Includes bibliographical references. 
700 1 |a Server, Alberta Wilson. 
700 1 |a Keller, John Esten. 
700 1 |a Cervantes Saavedra, Miguel de,  |d 1547-1616.  |t Don Quixote. 
830 0 |a Juan de la Cuesta Hispanic monographs.  |p Series Documentación cervantina ;  |v no. 2. 
999 |a MARS 
999 f f |s ff404087-783e-3fbc-b4e7-af0ccdd2c2eb  |i 84870b18-7340-3c4b-af4f-e053345a4882  |t 0 
952 f f |p normal  |a Texas A&M University  |b College Station  |c Sterling C. Evans Library  |d Evans: Library Stacks  |t 0  |e PQ6329 .A29 1980  |h Library of Congress classification  |i unmediated -- volume  |m A14807860050 
998 f f |a PQ6329 .A29 1980  |t 0  |l Evans: Library Stacks